000 00369pab a2200121 454500
008 180718b xxu||||| |||| 00| 0 eng d
100 _aWatson Paul
245 _aReforming community care: a perspective from New Zealand
362 _a20(3), Autumn 1994, p.374-78
650 _aCommunity Health Services -- New Zealand
773 _aLocal Government Studies
909 _a27761
999 _c27761
_d27761